[Event "AUTO-OPEN-4652"]
[Site "http://www.queenalice.com/game.php?id=1873465"]
[Date "2026.5.15"]
[Round "1"]
[White "Pin"]
[Black "shmurtz91"]
[Result "1-0"]
[WhiteElo "2082"]
[BlackElo "1945"]

1. d4 e6 2. e4 c5 3. Nf3 Nf6 4. e5 Nd5 5. c4 Nb6 6. d5 d6 7. Be2 exd5 8. cxd5
dxe5 9. Nxe5 Be7 10. O-O Bf5 11. Nc3 O-O 12. Bf4 a6 13. b3 Bf6 14. Rc1 Re8 15.
Nc4 Nxc4 16. bxc4 Nd7 17. Bf3 Ne5 18. Be2 Ng6 19. Be3 Qd6 20. Bd3 Nh4 21. g3
Bxd3 22. Qxd3 Nf3+ 23. Kg2 Ng5 24. f4 Bxc3 25. Rxc3 Ne4 26. Rc2 h5 27. a4 a5 28.
Re2 f5 29. Rb1 Rab8 30. Reb2 b6 31. Rb3 h4 32. Bc1 Nf6 33. Bb2 Ng4 34. Qxf5 Ne3+
35. Rxe3 Rxe3 36. Be5 Qe7 37. Kf2 Rxe5 38. Qxe5 Qd8 39. Qe6+ Kh7 40. Re1 1-0

[Event "AUTO-OPEN-4652"]
[Site "http://www.queenalice.com/game.php?id=1873466"]
[Date "2026.5.15"]
[Round "1"]
[White "shmurtz91"]
[Black "Pin"]
[Result "0-1"]
[WhiteElo "1889"]
[BlackElo "2109"]

1. e4 c5 2. Nf3 d6 3. Bc4 e6 4. c3 Nc6 5. d4 cxd4 6. O-O Nf6 7. Bg5 Be7 8. Re1
dxc3 9. Nxc3 O-O 10. Qd2 Bd7 11. Rad1 a6 12. Bxf6 gxf6 13. Ne2 b5 14. Bb3 Rc8
15. Ng3 Na5 16. Nh5 Kh8 17. Re3 Nxb3 18. Rxb3 Rc5 19. Nf4 Rg8 20. Rd3 Qc7 21.
Nh5 Rxh5 0-1

[Event "AUTO-MASTER-3306"]
[Site "http://www.queenalice.com/game.php?id=1873730"]
[Date "2026.5.21"]
[Round "1"]
[White "Pin"]
[Black "cabeca"]
[Result "1/2-1/2"]
[WhiteElo "2124"]
[BlackElo "2077"]

1. d4 Nf6 2. c4 e6 3. Nf3 d5 4. Nc3 c6 5. Bg5 Be7 6. e3 Nbd7 7. Bd3 dxc4 8. Bxc4
O-O 9. O-O h6 10. Bf4 Nb6 11. Bb3 Nfd5 12. Bg3 Bf6 13. e4 Nxc3 14. bxc3 Re8 15.
Qd3 c5 16. e5 Be7 17. Rfd1 cxd4 18. cxd4 Nd5 19. Nd2 b6 20. Bc2 f5 21. exf6 Nxf6
22. Be5 Bd6 23. Nf3 Bb7 24. Nh4 Bxe5 25. dxe5 Qxd3 26. Rxd3 Nd5 27. Bb3 Rac8 28.
Rad1 g5 29. Nf3 a5 30. Nd4 Nf4 31. R3d2 Rc5 32. Re1 Nxg2 33. Nxe6 Nxe1 34. Nxc5+
Kf8 35. Rd7 Bc6 36. Rf7+ Kg8 37. Rf6+ Kg7 38. Ne6+ Kh7 39. Nxg5+ hxg5 40. Rxc6
Rxe5 41. Rxb6 Nf3+ 42. Kf1 Nxh2+ 43. Kg2 Ng4 44. Bc2+ Kg7 45. Rg6+ Kf7 46. Ra6
Ke7 47. Bd1 Nf6 48. Bb3 Rf5 49. Re6+ Kd7 50. Ra6 Ke7 51. Be6 Re5 1/2-1/2

[Event "AUTO-MASTER-3306"]
[Site "http://www.queenalice.com/game.php?id=1873731"]
[Date "2026.5.21"]
[Round "1"]
[White "cabeca"]
[Black "Pin"]
[Result "0-1"]
[WhiteElo "2093"]
[BlackElo "2103"]

1. e4 c5 2. Nf3 d6 3. d4 cxd4 4. Nxd4 Nf6 5. Nc3 a6 6. Be3 e5 7. Nb3 Be6 8. f3
Be7 9. Qd2 O-O 10. Nd5 Nxd5 11. exd5 Bf5 12. Bd3 Bxd3 13. Qxd3 Nd7 14. O-O Nf6
15. c4 Rc8 16. Rac1 Nh5 17. f4 exf4 18. Bxf4 Nxf4 19. Rxf4 Bg5 20. Rf3 Bxc1 21.
Nxc1 b5 22. b3 bxc4 23. bxc4 Qb6+ 24. Kh1 Qb2 25. Qf1 Rc7 26. Rf2 Qd4 27. Rf4
Qe5 28. Nd3 Qc3 29. Nf2 Rfc8 30. Ne4 Qa3 31. Ng5 f6 32. Ne6 Re7 33. Rf2 Qa4 34.
h3 Qxc4 35. Qxc4 Rxc4 36. Rd2 Kf7 37. Re2 Rc1+ 38. Kh2 Rc5 39. Nxc5 Rxe2 40.
Nxa6 Rxa2 41. Nb4 Rd2 42. Kg3 Kg6 43. Kf3 Kf5 44. g4+ Ke5 45. Ke3 Rxd5 46. Nxd5
Kxd5 47. Kd3 g6 0-1